Analýza hlavných komponentov ako metóda viacrozmernej štatistickej analýzy

Súhrnný pohľad na analýzu hlavných komponentov (Principal Component Analysis - PCA) ako viacrozmernú štatistickú metódu. Podstata metódy PCA a teoretické východiská. Postup hľadania hlavných komponentov.

Uložené v:
Podrobná bibliografia
Hlavný autor: Bérešová, Juliana, 1996-
Ďalší autori: Cibuľa, Milan, 1995-
Médium: Kapitola
Jazyk:Slovak
Predmet:
Tagy: Pridať tag
Žiadne tagy, Buďte prvý, kto otaguje tento záznam!

MARC

LEADER 00000naa$a2200000$$$4500
001 0272673
005 20240502074310.7
041 0 |a slo 
044 |a SK 
245 1 0 |a Analýza hlavných komponentov ako metóda viacrozmernej štatistickej analýzy  |c Juliana Bérešová, Milan Cibuľa 
520 |a Súhrnný pohľad na analýzu hlavných komponentov (Principal Component Analysis - PCA) ako viacrozmernú štatistickú metódu. Podstata metódy PCA a teoretické východiská. Postup hľadania hlavných komponentov. 
610 2 0 |a analýza štatistická 
610 2 0 |a metódy štatistické 
610 2 0 |a štatistika 
100 1 |a Bérešová, Juliana, 1996- 
700 1 |a Cibuľa, Milan, 1995-